Statistics for Zelda Breath Of The Wild Character Quiz

Click here to take the quiz!

General Stats

  • This quiz has been taken 44 times
  • The average score is 22 of 30

Answer Stats

HintCharacter% Correct
Hero of HyruleLink
97%
Princess of HyruleZelda
97%
Zora championMipha
94%
Gerudo ChampionUrbosa
94%
Kakariko elderImpa
88%
Zora PrinceSidon
88%
The main enemyCalamity Ganon
85%
Goron championDaruk
85%
Rito championRevali
85%
Gerudo Town chiefRiju
85%
Akkala Tech Lab operatorRobbie
85%
Musical birdKass
82%
Little monsters who give you seedsKorok
82%
Zora Divine BeastRuta
82%
A enemy of the gerudo who have sicklesYiga
82%
Giant tree who guards a legendary swordDeku tree
76%
Mysterious man who buys monster partsKilton
76%
Rito Divine BeastMedoh
76%
Gerudo Divine BeastNaboris
76%
King of HyruleRhoam
76%
A tree with magic maracasHestu
73%
Hateno Tech Lab operatorPurah
73%
Goron who helped with the divine beastYunobo
73%
Goron Divine BeastRudania
70%
The Rito who helped with the Divine BeastTeba
70%
Zora KingDorephan
45%
A traveling traderbeetle
42%
Goron ElderBludo
42%
Rito ElderKaneli
33%
News reporterTraysi
27%

Score Distribution

Percentile by Number Answered

Percent of People with Each Score

Your Score History

You have not taken this quiz